000 00494nam a2200181 4500
001 9733
005 20230410103924.0
008 060907n1992 dr spa
020 _a0899081606
035 _9funglode9813
041 _aEN
050 1 4 _a439 DS 63.1 M627 1992
245 0 4 _aThe Middle East :
_bopposing viewpoints /
_cWilliam Duddley, editor
260 _aCalifornia :
_bGreenhaven press,
_c1992
300 _a264 p.
700 _aDuddley, William, ed.
942 _2lcc
_cbk
999 _c28507
_d28507